Essays on english literature (Record no. 164382)

MARC details
000 -LEADER
campo de control de longitud fija 00770nam a2200217 i 4500
001 - NÚMERO DE CONTROL
campo de control 164382
003 - IDENTIFICADOR DE NÚMERO DE CONTROL
campo de control ES-MaACL
005 - FECHA Y HORA DE LA ÚLTIMA TRANSACCIÓN
campo de control 20230906212927.0
008 - DATOS DE LONGITUD FIJA--INFORMACIÓN GENERAL
campo de control de longitud fija 050803s1895 xxk |||| | eng d
100 1# - ENTRADA PRINCIPAL--NOMBRE DE PERSONA
Nombre de persona Saintsbury, George.
9 (RLIN) 101564
245 10 - MENCIÓN DEL TÍTULO
Título Essays on english literature
Resto del título : 1780-1860 /
Mención de responsabilidad, etc. by George Saintsbury.
260 ## - PUBLICACIÓN, DISTRIBUCIÓN, ETC.
Lugar de publicación, distribución, etc. London :
Nombre del editor, distribuidor, etc. J.M. Dent & Co.,
Fecha de publicación, distribución, etc. 1895 (
Lugar de fabricación/manufactura Edinburgh :
Fabricante Turnbull and Spears)
300 ## - DESCRIPCIÓN FÍSICA
Extensión IX, 423 p. ;
Dimensiones 20 cm.
500 ## - NOTA GENERAL
Nota general En port. consta : "Second series"
650 04 - PUNTO DE ACCESO ADICIONAL DE MATERIA--TÉRMINO DE MATERIA
Término de materia o nombre geográfico como elemento de entrada Literatura inglesa-
Subdivisión general Historia y crítica.
9 (RLIN) 14628
700 1# - ENTRADA AGREGADA--NOMBRE PERSONAL
Nombre de persona Dent, J.M.
9 (RLIN) 126754
700 1# - ENTRADA AGREGADA--NOMBRE PERSONAL
Nombre de persona Turnbull and Spears.
9 (RLIN) 133419
752 ## - ENTRADA AGREGADA--NOMBRE JERÁRQUICO DEL LUGAR
País o entidad superior Gran Bretaña -
Ciudad Londres
752 ## - ENTRADA AGREGADA--NOMBRE JERÁRQUICO DEL LUGAR
País o entidad superior Gran Bretaña -
Ciudad Edimburgo
852 ## - LOCALIZACIÓN
Ubicación ES-MaACL
Número de control de estantería C-1013
Nota libre - Enc. ed. en tela
Holdings
Estatus retirado Estado de pérdida Estado de daño No para préstamo Colección Biblioteca de origen Biblioteca actual Ubicación en estantería Fecha de adquisición Fuente de adquisición Total de préstamos Signatura topográfica completa Código de barras Visto por última vez Precio de reemplazo Tipo de ítem Koha
        Libros del s. XIX Biblioteca del Ateneo de Madrid Biblioteca del Ateneo de Madrid Sala Palomar 17/01/2008     C-1013 1172298 23/02/2023 23/02/2023 Libro impreso antiguo